Top 10 Songs by Skid Row - Statistics

General Stats
  • This quiz has been taken 4 times
  • The average score is 5 of 10
Answer Stats
Hint Answer % Correct
1 18 and Life
100%
3 Youth Gone Wild
100%
2 I Remember You
75%
6 Monkey Business
50%
10 Big Guns
25%
7 In a Darkened Room
25%
8 Piece of Me
25%
9 Quicksand Jesus
25%
4 Slave to the Grind
25%
5 Wasted Time
25%
No matching quizzes found
Score Distribution
Percent of People with Each Score
Percentile by Number Answered
Your Score History
You have not taken this quiz